000
00313 a2200157 4500
001
187975
020
_a
0-582-34435-2
040
_c
Magnum
100
_a
Smith, Rod
240
1
0
_a
Ricky Martin
_l
ING
245
1
0
_a
Ricky Martin
300
_a
16
362
0
_a
2000
697
_a
LITERATURA INGLESA
942
_c
BK
999
_c
187975
_d
187975